The Pacific Northwest : (Record no. 23528)
[ view plain ]
| 000 -LEADER | |
|---|---|
| fixed length control field | 00886nam a22002651i 4500 |
| 001 - CONTROL NUMBER | |
| control field | 23528 |
| 003 - CONTROL NUMBER IDENTIFIER | |
| rucl marc code | BD-RjUL |
| 005 - DATE AND TIME OF LATEST TRANSACTION | |
| control field | 20211209000936.0 |
| 008 - FIXED-LENGTH DATA ELEMENTS--GENERAL INFORMATION | |
| fixed length control field | 140311s1942 nyu 001 0 eng |
| 035 ## - SYSTEM CONTROL NUMBER | |
| System control number | (BD-RjUL)23593 |
| 040 ## - CATALOGING SOURCE | |
| Original cataloging agency | DLC |
| Transcribing agency | DLC |
| Modifying agency | DLC |
| -- | BD-RjUL |
| Language of cataloging | eng |
| 041 ## - LANGUAGE CODE | |
| Language code of text/sound track or separate title | eng |
| 082 04 - DEWEY DECIMAL CLASSIFICATION NUMBER | |
| Edition number | 19 |
| Classification number | 917.9 |
| Author mark and year | PAC 1942 |
| 245 14 - TITLE STATEMENT | |
| Title | The Pacific Northwest : |
| Remainder of title | an overall appreciation / |
| Statement of responsibility, etc. | editorial committee Otis W. Freeman and Howard H. Martin. |
| 260 ## - PUBLICATION, DISTRIBUTION, ETC. (IMPRINT) | |
| Place of publication, distribution, etc. | New York : |
| Name of publisher, distributor, etc. | Wiley & Sons ; |
| Place of publication, distribution, etc. | London : |
| Name of publisher, distributor, etc. | Chapman & Hall, |
| Date of publication, distribution, etc. | 1942. |
| 300 ## - PHYSICAL DESCRIPTION | |
| Pagination | xvi, 542 p. : |
| Illustrations | ill., maps ; |
| Size | 24 cm. |
| 504 ## - BIBLIOGRAPHY, ETC. NOTE | |
| Bibliography, etc | Includes index. |
| 650 #0 - SUBJECT ADDED ENTRY--TOPICAL TERM | |
| Topical term or geographic name as entry element | Natural resources |
| Geographic subdivision | Northwest, Pacific. |
| 9 (RLIN) | 72417 |
| 651 #0 - SUBJECT ADDED ENTRY--GEOGRAPHIC NAME | |
| Geographic name | Northwest, Pacific |
| General subdivision | Economic conditions. |
| 9 (RLIN) | 72418 |
| 700 1# - ADDED ENTRY--PERSONAL NAME | |
| Personal name | Freeman, O. W. |
| Personal name | Martin, Howard H. , |
| 942 ## - ADDED ENTRY ELEMENTS (KOHA) | |
| Source of classification or shelving scheme | Dewey Decimal Classification |
| Koha item type | Books |
| Lost status | Source of classification or shelving scheme | Damaged status | Not for loan | Collection code | Permanent Location | Current Location | Shelving location | Date acquired | Source of acquisition | Cost, normal purchase price | Total Checkouts | Full call number | Date last seen | Copy number | Koha item type |
|---|---|---|---|---|---|---|---|---|---|---|---|---|---|---|---|
| Dewey Decimal Classification | Added to bundle | Non-fiction | Central Library, University of Rajshahi | Central Library, University of Rajshahi | Reading Room | A. B. C. | 65.00 | 917.9 PAC 1942 | 11/03/2014 | C-1 | Books |